000 00472nam a2200133Ia 4500
008 100328s9999 xx 000 0 und d
082 _b18453
100 _aजोशी ना.भा.
245 _aसार्थ श्री तुलसी रामायण
260 _bइंदिरा
630 _aसार्थ श्री तुलसी रामायण
730 _aसार्थ श्री तुलसी रामायण
942 _cBOOK
999 _c512870
_d512867